00493nam a2200121Ia 4500008004100000082001500041100004000056245012900096260001500225942001100240999001700251952010300268230320s9999||||xx |||||||||||||| ||spa|| aTMG/2018/5 aPachauri Calderón, Miryam Liliana 0aLa Creatividad Y El Desempeño Profesional En Docentes De Instituciones Castrenses Del Nivel Primario De La Región Callao bLima, 2018 80cLIB c51168d51168 00104070aBC01bBC01d2023-03-20l0oTMG/2018/5p032353r2023-03-20 00:00:00t3w2023-03-20yLIB